Click to Complete the Animated Movie Title - Animals #2 - Statistics

General Stats
  • This quiz has been taken 1,699 times
  • The average score is 12 of 15
Answer Stats
Hint Extra Hint Explanation Answer % Correct
Rudolph the Red-Nosed ___: The Movie GoodTimes Reindeer
99%
___atouille Pixar Rat
96%
Teenage Mutant Ninja ___: Mutant Mayhem Turtles
95%
The Aristo___ Disney Cats
93%
Fantastic Mr. ___ 20th Century Fox Fox
89%
___ of Madagascar Dreamworks Penguins
89%
Hey There, It's Yogi ___! Hanna Barbera Bear
88%
Ice Age: Dawn of the ___ Blue Sky Dinosaurs
88%
___ Run Dreamworks Chicken
82%
The Fox and the ___ Disney Hound
75%
Spirit: ___ of the Cimarron Dreamworks Stallion
72%
Wallace and Gromit: The Curse of the Were-___ Dreamworks Rabbit
67%
Tintin and the Lake of ___ Belvision Sharks
62%
The Adventures of Ichabod and Mr. ___ Disney Toad
59%
The Boy and the ___ Ghibli Heron
50%
No matching quizzes found
Score Distribution
Percent of People with Each Score
Percentile by Number Answered
Your Score History
You have not taken this quiz